00355cam a22001217a 4500008004000000082001800040100002500058245003600083260004800119300000900167440002500176650003200201180718b2004 xxu||||| |||| 00| 0 eng d aA81x54 01/30A aCensus of India 2001 aA historical atlas of Karnataka aDelhibThe Controller of Publicationsc2004 a99p. aCensus of India 2001 aKarnataka - Atlases - Censu